| 000 | 00588nam a2200217Ia 4500 | ||
|---|---|---|---|
| 005 | 20250508165026.0 | ||
| 008 | 008 250505s9999 xx 000 0 eng d | ||
| 020 | _a0-8094-4857-2 | ||
| 037 | _aReference | ||
| 040 |
_aFEDL _beng _cFEDL |
||
| 041 |
_aeng _2eng |
||
| 084 |
_a030, BER/RR _qFEDL |
||
| 100 |
_aBerry C E Ed. _9779736 |
||
| 245 | 0 | _aEveryday life | |
| 260 |
_aHong Kong Japan _bTime-Life Books _c1983 |
||
| 300 | _a87p. | ||
| 490 | _aA Child's First Library Of Learning | ||
| 546 | _aMACESE | ||
| 942 |
_cREF _h030, BER/RR |
||
| 999 |
_c1392720 _d1392720 |
||